000 00410nam a2200169Ia 4500
005 20240605043157.0
008 240331s9999 xx 000 0 und d
020 _a1852010002
082 _bVIJ
_a355
100 _aVije,M
245 0 _aMilitarisation in Sri Lanka
260 _aLondon
_bTamil Information Centre
_c1986
300 _aix,100 p.,
650 _aHuman Rights
650 _aViolation
942 _cL
999 _c4627
_d4627